Logo BPK

Biblioteka

Politechniki Koszalińskiej

Kontrola przestrzegania prawa wspólnotowego przez państwa i podmioty prywatne w Unii Europejskiej / (Rekord nr 42394)

Szczegóły MARC
000 -ETYKIETA REKORDU
podpole kontrolne o stałej długości 00903nam a2200253 i 4500
001 - NUMER KONTROLNY REKORDU
pole kontrolne bg
020 ## - MIĘDZYNARODOWY ZNORMALIZOWANY NUMER KSIĄŻKI - ISBN
ISBN 8387786098
020 ## - MIĘDZYNARODOWY ZNORMALIZOWANY NUMER KSIĄŻKI - ISBN
ISBN 8323110948 (UMK)
040 ## - ŹRÓDŁO KATALOGOWANIA
Instytucja, która utworzyła rekord BPK
041 0# - KOD JĘZYKA
Kod języka tekstu pl
080 ## - UNIWERSALNA KLASYFIKACJA DZIESIĘTNA - UKD
UKD 341.12:342.56](4-67)
920 ## - Międzynarodowy znormalizowany numer książki – ISBN
ISBN 83-87786-09-8
920 ## - Międzynarodowy znormalizowany numer książki – ISBN
ISBN 83-231-1094-8 (UMK)
008 - POLE O STAŁEJ DŁUGOŚCI - DANE KONTROLNE
podpole kontrolne o stałej długości s pl f |000 0 pol
100 1# - NAZWA OSOBOWA
Nazwa osobowa GÓRKA, Maciej
245 10 - TYTUŁ/ODPOWIEDZIALNOŚĆ
Tytuł Kontrola przestrzegania prawa wspólnotowego przez państwa i podmioty prywatne w Unii Europejskiej /
Pozostałe elementy strefy tytułu i oznaczenia odpowiedzialności Maciej Górka.
260 ## - STREFA ADRESU WYDAWNICZEGO
Miejsce wydania Toruń :
Nazwa wydawcy/dystrybutora Pracownia Duszycki :
-- Wydaw. UMK [Uniwersytetu Mikołaja Kopernika],
Data publikacji, dystrybucji/powstania dokumentu 1999.
300 ## - STREFA OPISU FIZYCZNEGO
Objętość 237 s. ;
Rozmiary 24 cm.
504 ## - UWAGA DOTYCZĄCA BIBLIOGRAFII
Informacje o bibliografii Bibliogr. s. 209-217, wykaz aktów prawnych s. 234-237.
610 29 - HASŁO PRZEDMIOTOWE W FORMIE NAZWY CIAŁA ZBIOROWEGO
Nazwa ciała zbiorowego lub nazwa geograficzna Europejski Trybunał Sprawiedliwości
650 #9 - HASŁO PRZEDMIOTOWE W FORMIE NAZWY OGÓLNEJ LUB JEDNOSTKOWEJ
Nazwa ogólna lub geograficzna Prawo wspólnotowe europejskie
Określnik ogólny zagadnienia
650 #9 - HASŁO PRZEDMIOTOWE W FORMIE NAZWY OGÓLNEJ LUB JEDNOSTKOWEJ
Nazwa ogólna lub geograficzna Sądownictwo konstytucyjne
Określnik geograficzny Europa Zachodnia
Określnik chronologiczny od 1945 r.
856 ## - LOKALIZACJA I DOSTĘP DO ELEKTRONICZNYCH DOKUMENTÓW ZDALNYCH
Link (URL) http://koha.tu.koszalin.pl/cgi-bin/koha/opac-detail.pl?biblionumber=42394
Tekst linku Katalog online BPK
942 ## - DODATKOWE ELEMENTY (KOHA)
Typ dokumentu Książka
Egzemplarze
Wycofany Status egzemplarza Uszkodzony Dostępność Lokalizacja stała Lokalizacja bieżąca Miejsce przechowywania Sygnatura Kod kreskowy Dział Typ dokumentu
      Tylko na miejscu Biblioteka Politechniki Koszalińskiej Biblioteka Politechniki Koszalińskiej Czytelnia Wydziałowa ul. Kwiatkowskiego 6e 66692 01982725 341 Prawo międzynarodowe Książka
© 2023 Biblioteka Politechniki Koszalińskiej :: KOHA